000 00471nam a2200181Ia 4500
005 20230325102704.0
008 131103s9999 xx 000 0 und d
040 _aLoreto College
041 _aEnglish
082 _a822.91
_bMAR
245 _aConflicting gernerations
_cselected and edited by Michael Marland
260 _aLondon
_bLongmans
_c1968
300 _a219p.
650 _aEnglish play
700 _aMarland, Michael; ed.
850 _aLCLIB
942 _cBK
999 _c22120
_d72599